000 00622nam a22002177a 4500
003 OSt
005 20241017103155.0
008 241017b |||||||| |||| 00| 0 eng d
020 _a9789966794131
020 _a9789966794130
040 _aMMU
_beng
_cMMU
_dMMU
050 _aFIC PR 4731 .M34 2011
100 _aMberia,kithaka
_91629
245 _aFlowers in the morning sun /
_cBy Kithaka wa Mberia.
260 _aNairobi :
_bMarimba Publications Limited,
_c2011.
300 _aiv, 86 Pages :
650 _aFlowers
_92098
700 _a Kasu Khalfan
_91847
700 _aMarami Marami V.
_92099
942 _2lcc
_cLOAN LOAN
999 _c33123
_d33120